Datum a čas kvízu
29.5
Celkem bodů
Celkový počet nahraných bodů na tomto kvízu bez doplňovacích otázek.
3.
Pořadí na kvízu
Konečné umístění týmu na tomto kvízu.
Zaznamenané odpovědi
| # | Otázka | Odpověď | Body | Výsledky |
|---|---|---|---|---|
| 1. | Jak jste pravděpodobně zazname... | Mortimer | 1 | |
| 2. | V sousedním Rakousku před něko... | Sebastian Kurz | 1 | |
| 3. | V pražském Národním divadle se... | Zdeněk Svěrák | 0 | |
| 4. | Ve čtvrtek byla v Praze otevře... | Tesla | 1 | |
| 5. | Horolezec Radek Jaroš jako šes... | Kilimandžáro/ Uhuru | 0 | |
| 6. | Napíšete-li název afghánské le... | Bagrám | 1 | |
| 7. | Jak se jmenuje současný náčeln... | Aleš Opata | 0 | |
| 8. | Jak se nazývá město, u něhož s... | Náměšť nad Oslavou | 0 | |
| 9. | Jednou z prvních zahraničních... | Bosna a Hercegovina | 1 | |
| 10. | Napište název tohoto víceúčelo... | Pandur | 0 |